000 00758nam a2200241 i 4500
001 000041441
003 DO-SdBNP
005 20230911143151.0
007 ta
008 131004s1951 xxua 000 0 spa d
040 _aDO-SdBNP
_bspa
_cBNPHU
_erda
082 _bT231L
_222
100 1 _aTavarez Belliard, Aurora
_eautora
_968115
245 1 0 _aLecturas para la introducción a la historia de Santo Domingo 1492-1844 :
_bobra para niños /
_cAurora Tavarez Belliard
264 _aSanto Domingo :
_bLa información,
_c1951.
300 _a309 paginas. ;
_c24 cm.
336 _2rdacontent
_atexto
_btxt
337 _2rdamedia
_asin mediación
_bn
338 _2rdacarrier
_avolumen
_bnc
590 _aInventariado, 2023 / DG
910 _aDG
942 _2ddc
_cLBS1
999 _c54687
_d54687